Miasta w Czechach czy na Słowacji? - klikanie - Statystyki

Ogólne statystyki
  • Ten quiz został rozwiązany 518 razy
  • Średni wynik to 13 z 16
Statystyki odpowiedzi
Hint Odpowiedź % Poprawnych
Praga Czechy
98%
Bratysława Słowacja
95%
Ostrawa Czechy
94%
Brno Czechy
94%
Liberec Czechy
90%
Koszyce Słowacja
88%
Ołomuniec Czechy
87%
Pardubice Czechy
84%
Nitra Słowacja
82%
Bańska Bystrzyca Słowacja
79%
Trnawa Słowacja
77%
Trenczyn Słowacja
74%
Frydek-Mistek Czechy
71%
Cheb Czechy
65%
Bardejów Słowacja
59%
Brezno Słowacja
42%
Nie znaleziono quizów pasujących do podanych kryteriów
Rozkład punktacji
Procent ludzi z każdym wynikiem
Percentyl według liczby udzielonych odpowiedzi
Twoja historia wyników
Nie rozwiązałeś tego quizu